• 首页
  • 本馆介绍
  • 公告通知
  • 最新文献
  • 馆藏检索
  • 电子资源
  • 读者荐购
  • 参考咨询
  • CALIS
  • 我的图书馆
  • 登录
  • 详细信息显示
  • 放入我的书架
  • 预约/预借图书
  • 作者相关作品
  • 分类相关作品
  • 丛书相关作品
  • 出版社相关作品

书目信息

  • 表格格式
  • 工作单格式
  • 卡片格式
题名:
超越猿类
    
 
作者: 库马尔 , 坎贝尔 著 ;殷融 译
分册:  
出版信息: 桂林   广西师范大学出版社  2025.03
页数: 390页
开本: 21cm
丛书名: 大学问
单 册:
中图分类: B82-054
科图分类:
主题词: 道德心理学
电子资源:
ISBN: 978-7-5598-7575-4
 
 
 
 
 
000 01234nam0 2200313 450
001 013491817
005 20251022153756.87
010    @a978-7-5598-7575-4@dCNY79.00
100    @a20250313d2025 em y0chiy0120 ea
101 1  @achi@ceng
102    @aCN@b450000
105    @ay z 001yy
106    @ar
200 1  @a超越猿类@9chao yue yuan lei@e人类道德心理进化史@f(加)维克多·库马尔,(加)里奇蒙·坎贝尔著@g殷融译
210    @a桂林@c广西师范大学出版社@d2025.03
215    @a390页@d21cm
225 1  @a大学问@i哲思系列
305    @a牛津大学出版社授权出版
330    @a本书分四个部分。第一部分《道德猿类》描述了道德的进化起源,第二部分《道德心理》涵盖了道德开花结果的过程,第三部分《道德文化》主要基于道德心理理论来揭示人类社会的近代文化进化,第四部分《道德进步》探讨了过去几个世纪中引发道德进步、道德倒退和道德停滞的心理与社会机制。
461  0 @12001 @a大学问
462  0 @12001@@@a哲思系列
510 1  @aBetter ape@ethe evolution of the moral mind and how it made us human@zeng
606 0  @a道德心理学
690    @aB82-054@v5
701  0 @c(加)@a库马尔@9ku ma er@4著
701  0 @c(加)@a坎贝尔@9kan bei er@4著
702  0 @a殷融@9yin rong@4译
801  0 @aCN@c20250909
905    @a河南城建学院图书馆@dB82@eK850@ZK850@f1
    
    超越猿类:人类道德心理进化史/(加)维克多·库马尔,(加)里奇蒙·坎贝尔著/殷融译.-桂林:广西师范大学出版社,2025.03
    390页;21cm.-(大学问.哲思系列)
    
    
    ISBN 978-7-5598-7575-4:CNY79.00
    本书分四个部分。第一部分《道德猿类》描述了道德的进化起源,第二部分《道德心理》涵盖了道德开花结果的过程,第三部分《道德文化》主要基于道德心理理论来揭示人类社会的近代文化进化,第四部分《道德进步》探讨了过去几个世纪中引发道德进步、道德倒退和道德停滞的心理与社会机制。
●
相关链接 在E读中查询图书 在当当中查询图书 在豆瓣中查询图书


正题名:超越猿类     索取号:B82/K850         预约/预借

序号 登录号 条形码 馆藏地/架位号 状态 备注
1 1632555   216325554   社科库509/509社科库 20排4列3层/ [索取号:B82/K850] 在馆    
河南城建学院图书馆 欢迎您!
大连网信软件有限公司© 版权所有